000
00258nam a2200109Ia 4500
008
240625s9999 xx 000 0 und d
041
_a
eng
082
_a
425 CHI
100
_a
CHILDS CHARLSIE
245
_a
IMPROVE YOUR AMERICAN ENGLISH ACCENT
260
_c
2007
999
_c
33642
_d
33642